| 000 | 01196cam a22003254a 4500 | ||
|---|---|---|---|
| 001 | 13255119 | ||
| 003 | ARRUPE | ||
| 005 | 20130918154437.0 | ||
| 008 | 030627s2004 ncu b 000 0 eng | ||
| 010 | _a 2003014769 | ||
| 020 | _a0822332558 (cloth : alk. paper) | ||
| 020 | _a0822332930 (pbk. : alk. paper) | ||
| 040 |
_aDLC _cDLC _dDLC |
||
| 042 | _apcc | ||
| 050 | 0 | 0 |
_aH61.15 _b.T39 2004 |
| 100 | 1 |
_aTaylor, Charles, _d1931- _9619 |
|
| 245 | 1 | 0 |
_aModern social imaginaries / _cCharles Taylor. |
| 260 |
_aDurham : _bDuke University Press, _c2004. |
||
| 300 |
_a215 p. ; _c21 cm. |
||
| 440 | 0 |
_aPublic planet books _9620 |
|
| 504 | _aIncludes bibliographical references (p. [197]-215). | ||
| 650 | 0 |
_aSocial sciences _xPhilosophy. _9621 |
|
| 650 | 0 |
_aPhilosophy and social sciences. _9622 |
|
| 650 | 0 |
_aEthics. _9623 |
|
| 650 | 0 |
_aIdealism. _9624 |
|
| 856 | 4 | 1 |
_3Table of contents _uhttp://www.loc.gov/catdir/toc/ecip046/2003014769.html |
| 906 |
_a7 _bcbc _corignew _d1 _eecip _f20 _gy-gencatlg |
||
| 942 |
_2lcc _cMONOGRAPH |
||
| 999 |
_c117895 _d117895 |
||